Nové trendy v stravovacích službách a ich uplatnenie vo vybranom podniku bakalárska práca

Salvato in:
Dettagli Bibliografici
Autore principale: Šubíková, Natália
Ente Autore: Obchodná fakulta EU. Katedra služieb a cestovného ruchu - zrušené
Altri autori: Veszprémi Sirotková, Anna, 1966-
Natura: Libro
Lingua:slovacco
Pubblicazione: Bratislava 2017
Tags: Aggiungi Tag
Nessun Tag, puoi essere il primo ad aggiungerne!!

MARC

LEADER 00000nbm a2200000 4500
001 0232717
005 20170807103255.9
041 0 |a slo 
044 |a SK 
245 1 0 |a Nové trendy v stravovacích službách a ich uplatnenie vo vybranom podniku  |b bakalárska práca  |c Natália Šubíková ; školiteľ: Anna Veszprémi Sirotková 
264 1 |a Bratislava  |c 2017 
300 |a 73 s. 
100 1 |a Šubíková, Natália 
700 1 |a Veszprémi Sirotková, Anna, 1966- 
710 2 |a Obchodná fakulta EU. Katedra služieb a cestovného ruchu - zrušené